000 01157nam a22002777a 4500
005 20101206113148.0
008 101206t xxu||||| |||| 00| 0 hin d
010 _aHIN-93203
020 _c460.00
_a9789380458267
035 _aHN-65549
037 _bDBAD/PUB
040 _aDPL
_bHN
082 _a
100 _924598
_aठाकुर, अंजनी कुमार
245 _aतीसरी गली /
_cअंजनी कुमार ठाकुर
246 _aTeesri Gali
_bby Anjani Kumar Thakur
260 _aनई दिल्ली
_bसामयिक बुक्स
_c2011
270 _bनई दिल्ली
_a3320-21, जटवाड़ा, दरियागंज,एन.एस.मार्ग
_e110002
300 _a288पृ.
_c22सेमी (सजिल्द)
650 _91169
_aहिन्दी कथा साहित्य
650 _929580
_aHindi Novel
700 _924599
700 _924924
942 _2ddc
_cHN
_mठाकुर
_h
999 _c53904
_d53904